| 000 | 00692nam a2200253Ia 4500 | ||
|---|---|---|---|
| 003 | OSt | ||
| 005 | 20221007123210.0 | ||
| 006 | a|||||r|||| 00| 0 | ||
| 007 | ta | ||
| 008 | 221006b |||||||| |||| 00| 0 eng d | ||
| 020 | _a 387566791 (Berlin) | ||
| 020 | _a3-540-56679-1 (New York) | ||
| 024 | _a2291 | ||
| 037 | _cTextual | ||
| 040 |
_aPAPL _cPAPL _beng |
||
| 041 |
_2eng _aeng |
||
| 082 | _aC216, N3 | ||
| 100 |
_aBorchardt-Ott Walter _9716815 |
||
| 245 | 0 | _aCrystallography by Walter Borchardt-Ott | |
| 260 |
_aNewYork _bSpringer-Verlag _c1993 |
||
| 300 |
_a303p _ccm. |
||
| 942 |
_hC216, N3 _cTEXL _2CC |
||
| 999 |
_c1211520 _d1211520 |
||